| 000 | 00510nam a2200193Ia 4500 | ||
|---|---|---|---|
| 003 | 0OSt | ||
| 005 | 20260209110800.0 | ||
| 008 | 240810s9999 xx 000 0 und d | ||
| 020 | _aS/N | ||
| 040 |
_aBiblioteca Geral-Universidade LusÃada de Angola _cBULA |
||
| 082 |
_m11(1) _a32 |
||
| 100 | _aA.G.MILEIKOVSKI | ||
| 245 | 0 | _aEconomia Politica no Marxista Actual | |
| 260 |
_aEspanha _bEditora Progresso _c1977. |
||
| 300 | _a726p | ||
| 650 | _aEconomia | ||
| 700 | _aA.G.Mileikovski | ||
| 942 |
_cLivros _2ddc |
||
| 999 |
_c787 _d787 |
||